All 5k+ cities in Georgia on a map - Statistics

General Stats
  • This quiz has been taken 7 times
  • The average score is 44 of 138
Answers on the Map
Answers color-coded by a green-red scale on the quiz's map according to % correct below.
 
Answer Stats
City Population % Correct
Atlanta 498,715
100%
Augusta 202,081
100%
Macon 157,346
100%
Albany 69,647
83%
Alpharetta 65,818
83%
Athens 127,315
83%
Decatur 24,928
83%
Marietta 60,972
83%
Savannah 147,780
83%
Columbus 206,922
67%
Kennesaw 33,036
67%
Roswell 92,833
67%
Sandy Springs 108,080
67%
Bainbridge 14,468
50%
Brookhaven 55,161
50%
Brunswick 15,210
50%
College Park 13,930
50%
Dalton 34,417
50%
Douglas 11,722
50%
Dunwoody 51,683
50%
East Point 38,358
50%
Hinesville 34,891
50%
Jesup 9,809
50%
Johns Creek 82,453
50%
Lawrenceville 30,629
50%
Norcross 17,209
50%
Rome 37,713
50%
Valdosta 55,378
50%
Warner Robins 80,308
50%
Acworth 22,440
33%
Adel 5,571
33%
Americus 16,230
33%
Auburn 7,495
33%
Blakely 5,371
33%
Buford 17,144
33%
Cairo 10,179
33%
Camilla 5,187
33%
Chamblee 30,164
33%
Cordele 10,220
33%
Doraville 10,623
33%
Douglasville 34,650
33%
Duluth 31,873
33%
Eastman 5,658
33%
Eatonton 6,480
33%
Gainesville 42,296
33%
Garden City 10,289
33%
Grovetown 15,577
33%
Jackson 5,557
33%
Kingsland 18,337
33%
LaFayette 6,888
33%
LaGrange 30,858
33%
Milledgeville 17,070
33%
Milton 41,296
33%
Morrow 6,569
33%
Moultrie 14,638
33%
Newnan 42,549
33%
Perry 20,624
33%
Pooler 25,711
33%
Port Wentworth 10,878
33%
Richmond Hill 16,633
33%
Rincon 10,934
33%
Riverdale 15,129
33%
Smyrna 55,663
33%
South Fulton 107,436
33%
Statesboro 33,438
33%
St. Marys 18,256
33%
Stone Mountain 6,703
33%
Thomasville 18,881
33%
Tifton 17,045
33%
Tucker 37,005
33%
Vidalia 10,785
33%
Waycross 13,942
33%
Waynesboro 5,799
33%
Woodstock 35,065
33%
Austell 7,713
17%
Barnesville 6,292
17%
Braselton 13,403
17%
Bremen 7,185
17%
Byron 5,702
17%
Calhoun 16,949
17%
Canton 32,973
17%
Carrollton 26,738
17%
Cartersville 23,187
17%
Cedartown 10,190
17%
Centerville 8,228
17%
Clarkston 14,756
17%
Cochran 5,026
17%
Commerce 7,387
17%
Conyers 17,305
17%
Covington 14,192
17%
Cumming 7,318
17%
Cusseta 9,565
17%
Dacula 6,882
17%
Dahlonega 7,537
17%
Dallas 14,042
17%
Dublin 16,074
17%
Fairburn 16,483
17%
Fayetteville 18,957
17%
Fitzgerald 9,006
17%
Flowery Branch 9,391
17%
Forest Park 19,932
17%
Fort Oglethorpe 10,423
17%
Fort Valley 8,780
17%
Griffin 23,478
17%
Hampton 8,368
17%
Hapeville 6,553
17%
Holly Springs 16,213
17%
Jefferson 13,233
17%
Locust Grove 8,947
17%
Loganville 14,127
17%
Lovejoy 10,122
17%
Mableton 40,834
17%
McDonough 29,051
17%
McRae–Helena 6,253
17%
Palmetto 5,071
17%
Peachtree City 38,244
17%
Peachtree Corners 42,243
17%
Powder Springs 16,887
17%
Sandersville 5,813
17%
Senoia 5,016
17%
Snellville 20,573
17%
Social Circle 5,974
17%
Stockbridge 28,973
17%
Stonecrest 59,194
17%
Sugar Hill 25,076
17%
Suwanee 20,786
17%
Swainsboro 7,425
17%
Sylvester 5,644
17%
Temple 5,089
17%
Thomaston 9,816
17%
Thomson 6,814
17%
Toccoa 9,133
17%
Tyrone 7,658
17%
Villa Rica 16,970
17%
Winder 18,338
17%
Lilburn 14,502
0%
Monroe 14,756
0%
Union City 26,738
0%
No matching quizzes found
Score Distribution
Percent of People with Each Score
Percentile by Number Answered
Your Score History
You have not taken this quiz